[Event "Frankfurt Ch 2013"]
[Site "Ffm-Kalbach, LAZ"]
[Date "2013.04.29"]
[Round "1.1"]
[White "Khenkin, Igor"]
[Black "Kretner, Georg-Ulrich"]
[Result "1-0"]
[WhiteElo "2574"]
[BlackElo "1796"]
[PlyCount "63"]
[EventDate "2013.??.??"]
[WhiteTeam "Wiesbadener SV 1885"]
[BlackTeam "SC Bad Nauheim"]

1. d4 d5 2. c4 dxc4 3. e3 Nf6 4. Bxc4 e6 5. Nf3 Be7 6. O-O O-O 7. Qe2 c6 8. e4
b5 9. Bd3 a6 10. Bg5 Nfd7 11. Bxe7 Qxe7 12. e5 Rd8 13. Nbd2 f5 14. exf6 Nxf6
15. Rac1 Qd6 16. Ne4 Qf4 17. Nxf6+ gxf6 18. Rfe1 Ra7 19. Bc2 Rg7 20. Bb3 Kh8
21. g3 c5 22. dxc5 Bb7 23. Rc3 b4 24. Re3 e5 25. Rd1 Rf8 26. Nd4 Qh6 27. Ne6
Qh3 28. f3 Rgg8 29. Nxf8 Rxf8 30. Rxe5 Bc6 31. Qe3 Bxf3 32. Qxf3 1-0

[Event "Frankfurt Ch 2013"]
[Site "Ffm-Kalbach, LAZ"]
[Date "2013.04.29"]
[Round "1.2"]
[White "Rutsatz, Mario"]
[Black "Milov, Leonid"]
[Result "0-1"]
[WhiteElo "1788"]
[BlackElo "2538"]
[PlyCount "90"]
[EventDate "2013.??.??"]
[WhiteTeam "Sfr. Frankfurt 1921"]
[BlackTeam "SC NT Nürnberg 1873"]

1. d4 Nf6 2. c4 c5 3. d5 a6 4. Nc3 b5 5. cxb5 axb5 6. Nxb5 e6 7. Nc3 Nxd5 8.
Nxd5 exd5 9. Qxd5 Nc6 10. Nf3 Bb7 11. Bg5 Be7 12. Bxe7 Qxe7 13. e3 O-O 14. Be2
Rfb8 15. Qd2 Ne5 16. O-O Nxf3+ 17. Bxf3 Bxf3 18. gxf3 Ra6 19. Rfd1 Rg6+ 20. Kf1
d6 21. Rab1 Qb7 22. Qd5 Qa6+ 23. Qd3 Qxa2 24. b3 Qa8 25. Qe4 Qa6+ 26. Qc4 Qb7
27. e4 h6 28. Rd3 Qe7 29. Rbd1 Kh7 30. Qd5 Kg8 31. Ra1 Qh4 32. Ra7 Rf8 33. Ra8
Rxa8 34. Qxa8+ Kh7 35. Qf8 Qh3+ 36. Ke1 Rg1+ 37. Kd2 Qf1 38. Ke3 Qc1+ 39. Rd2
Re1+ 40. Kd3 Qb1+ 41. Kc4 Rc1+ 42. Kd5 Qxb3+ 43. Kxd6 Qb6+ 44. Ke5 Qf6+ 45. Kd5
Qe6# 0-1

[Event "Frankfurt Ch 2013"]
[Site "Ffm-Kalbach, LAZ"]
[Date "2013.04.29"]
[Round "1.3"]
[White "Telljohann, Sven"]
[Black "Weiland, Thomas"]
[Result "1-0"]
[WhiteElo "2391"]
[BlackElo "1787"]
[PlyCount "55"]
[EventDate "2013.??.??"]
[WhiteTeam "Sfr. Schöneck"]
[BlackTeam "SV Oberursel"]

1. Nf3 d5 2. g3 c5 3. Bg2 Nc6 4. c4 d4 5. O-O Nf6 6. d3 e5 7. a3 Be7 8. b4 cxb4
9. axb4 Bxb4 10. Nxe5 Bd7 11. Qa4 Qb6 12. Nxd7 Nxd7 13. Ba3 Bxa3 14. Qxa3 Qc5
15. Nd2 O-O 16. Rfb1 Qxa3 17. Rxa3 Rab8 18. Bxc6 bxc6 19. Rxa7 Ne5 20. Rxb8
Rxb8 21. Kg2 f6 22. Nf3 Nxf3 23. Kxf3 Rc8 24. c5 f5 25. Rd7 Re8 26. Rxd4 Re5
27. Rd8+ Kf7 28. d4 1-0

[Event "Frankfurt Ch 2013"]
[Site "Ffm-Kalbach, LAZ"]
[Date "2013.04.29"]
[Round "1.4"]
[White "Schneider, Marco"]
[Black "Legde, Georg"]
[Result "0-1"]
[WhiteElo "1778"]
[BlackElo "2286"]
[PlyCount "40"]
[EventDate "2013.??.??"]
[WhiteTeam "SC Nidderau"]
[BlackTeam "SK 1858 Gießen"]

1. e4 c5 2. d4 cxd4 3. c3 dxc3 4. Nxc3 Nc6 5. Nf3 e6 6. Bc4 Nf6 7. O-O d6 8.
Qe2 Be7 9. Rd1 e5 10. Bxf7+ Kxf7 11. Qc4+ Ke8 12. Ng5 Rf8 13. b4 h6 14. Nf3 Bg4
15. Rd3 Rc8 16. Qb5 Qb6 17. Qxb6 axb6 18. a3 Nd4 19. Nxd4 exd4 20. Nb5 Be2 0-1

[Event "Frankfurt Ch 2013"]
[Site "Ffm-Kalbach, LAZ"]
[Date "2013.04.29"]
[Round "1.5"]
[White "Isserman, Ryhor"]
[Black "Klein, Markus"]
[Result "1-0"]
[WhiteElo "2258"]
[BlackElo "1771"]
[PlyCount "103"]
[EventDate "2013.??.??"]
[WhiteTeam "SK Bad Homburg 1927"]
[BlackTeam "SC 1979 Hattersheim"]

1. e4 d5 2. exd5 Qxd5 3. Nc3 Qa5 4. d4 Nf6 5. Nf3 c6 6. Ne5 Bf5 7. Nc4 Qc7 8.
g3 e6 9. Bg2 Be7 10. O-O O-O 11. Qe2 Na6 12. a3 Rad8 13. Ne5 Qc8 14. Rd1 Nc7
15. Na4 Nd7 16. Nd3 Nd5 17. Nac5 Nxc5 18. Nxc5 Nf6 19. Nb3 Rfe8 20. Bf4 Nd5 21.
Bc1 Nf6 22. Na5 h6 23. b4 a6 24. Bb2 Rd7 25. Nc4 Rdd8 26. Ne3 Bg6 27. c4 Be4
28. f3 Bg6 29. Rac1 Qb8 30. f4 Be4 31. Rf1 Bxg2 32. Qxg2 Qa7 33. Rcd1 a5 34.
bxa5 Qxa5 35. f5 Qb6 36. Qc2 e5 37. c5 Qc7 38. dxe5 Nd5 39. Nxd5 Rxd5 40. Rxd5
cxd5 41. Bd4 Rc8 42. Rc1 b6 43. Kg2 bxc5 44. f6 Bf8 45. fxg7 Bxg7 46. Qxc5 Bxe5
47. Qxc7 Rxc7 48. Rxc7 Bxc7 49. Kf3 Kh7 50. a4 Kg6 51. Bc3 Kf5 52. a5 1-0

[Event "Frankfurt Ch 2013"]
[Site "Ffm-Kalbach, LAZ"]
[Date "2013.04.29"]
[Round "1.6"]
[White "Fischer, Ulrich"]
[Black "Stockmann, Michael"]
[Result "0-1"]
[WhiteElo "1770"]
[BlackElo "2256"]
[PlyCount "84"]
[EventDate "2013.??.??"]
[WhiteTeam "Frankfurter TV 1860"]
[BlackTeam "Sfr. Schöneck"]

1. e4 d5 2. exd5 Qxd5 3. Nc3 Qd6 4. d4 c6 5. Nf3 Bg4 6. Be2 Nf6 7. Bg5 e6 8.
Qd2 Qc7 9. h3 Bh5 10. O-O-O Bb4 11. Bxf6 gxf6 12. a3 Bd6 13. Kb1 Nd7 14. Ne4
Bf4 15. Qc3 O-O-O 16. Rhe1 Rhg8 17. g3 Bh6 18. Nc5 Nxc5 19. Qxc5 Rd5 20. Qb4
Rgd8 21. c4 R5d7 22. Qa4 Kb8 23. g4 Bg6+ 24. Ka2 Qf4 25. Qb3 Be4 26. Qc3 Bxf3
27. Qxf3 Qxf3 28. Bxf3 Rxd4 29. Be2 Bd2 30. Rg1 Re4 31. Bf1 Kc8 32. Rg3 Rf4 33.
Rg2 Rf3 34. h4 h6 35. Kb1 Ba5 36. Rxd8+ Kxd8 37. Kc2 Bb6 38. Be2 Rh3 39. h5 Bd4
40. Rg3 Rh2 41. Rf3 Bxf2 42. Rxf6 Bh4 0-1

[Event "Frankfurt Ch 2013"]
[Site "Ffm-Kalbach, LAZ"]
[Date "2013.04.29"]
[Round "1.7"]
[White "Uwira, Oliver"]
[Black "Beck, Michael"]
[Result "1-0"]
[WhiteElo "2201"]
[BlackElo "1760"]
[PlyCount "99"]
[EventDate "2013.??.??"]
[WhiteTeam "SC 1961 König Nied"]
[BlackTeam "SC Flörsheim 1921"]

1. d4 d5 2. c4 c6 3. Nf3 Nf6 4. Nc3 e6 5. e3 Nbd7 6. Qc2 Bd6 7. g4 Bb4 8. g5
Ne4 9. Rg1 f5 10. Bd2 Bd6 11. Rg2 O-O 12. O-O-O Nxc3 13. Bxc3 Qe7 14. Kb1 b6
15. cxd5 cxd5 16. Bd3 Bb7 17. Rgg1 Rac8 18. Qe2 Rc7 19. Rc1 Rfc8 20. Bd2 Qd8
21. Rxc7 Rxc7 22. h4 Qc8 23. a3 a5 24. Rh1 Nb8 25. g6 h6 26. Ng5 Ba6 27. Bxa6
Nxa6 28. Nf7 Be7 29. f3 Nb8 30. e4 Nc6 31. Bf4 Nxd4 32. Qd3 Rc4 33. Ne5 Ra4 34.
exd5 exd5 35. Rc1 Bc5 36. b4 axb4 37. Qxd4 Qa8 38. Qd2 bxa3 39. Ka2 Rb4 40. Nd3
Rd4 41. Qe3 Re4 42. Qd2 Rc4 43. Rxc4 dxc4 44. Nxc5 bxc5 45. Qd7 c3 46. Qf7+ Kh8
47. Be5 Qg8 48. Bxc3 c4 49. h5 f4 50. Bd4 1-0

[Event "Frankfurt Ch 2013"]
[Site "Ffm-Kalbach, LAZ"]
[Date "2013.04.29"]
[Round "1.8"]
[White "Benikhis, Avram"]
[Black "Holvason, Juri"]
[Result "0-1"]
[WhiteElo "1750"]
[BlackElo "2200"]
[PlyCount "66"]
[EventDate "2013.??.??"]
[WhiteTeam "SC Eschbach im Usinger Land"]
[BlackTeam "SC Brett vor'm Kopp Ffm"]

1. e4 c5 2. Nf3 Nc6 3. d4 cxd4 4. Nxd4 Nf6 5. Nc3 e5 6. Ndb5 d6 7. Bg5 a6 8.
Na3 b5 9. Nd5 Be7 10. Nxe7 Nxe7 11. Bxf6 gxf6 12. Qd2 Bb7 13. Rd1 Bxe4 14. Qxd6
Qxd6 15. Rxd6 Nc8 16. Rxf6 Ke7 17. Rh6 Nd6 18. f3 Bg6 19. Bd3 f5 20. O-O Rac8
21. c3 Rhd8 22. Bb1 Kf6 23. f4 e4 24. Rh3 Nb7 25. Re3 Rd2 26. Nc2 Nc5 27. Rf2
Rxf2 28. Kxf2 Nd3+ 29. Rxd3 exd3 30. Nd4 b4 31. cxb4 Rd8 32. Ke3 d2 33. Bc2 Bh5
0-1

[Event "Frankfurt Ch 2013"]
[Site "Ffm-Kalbach, LAZ"]
[Date "2013.04.29"]
[Round "1.9"]
[White "Rolle, Eric"]
[Black "Genis, Roy"]
[Result "1-0"]
[WhiteElo "2187"]
[BlackElo "1734"]
[PlyCount "117"]
[EventDate "2013.??.??"]
[WhiteTeam "SK Marburg 1931/72"]
[BlackTeam "Sfr. Frankfurt 1921"]

1. Nf3 d5 2. g3 c5 3. Bg2 Nc6 4. c4 d4 5. d3 e5 6. O-O Nf6 7. e3 Be7 8. exd4
exd4 9. Bg5 O-O 10. a3 a5 11. Re1 h6 12. Bf4 Bd6 13. Ne5 Nxe5 14. Bxe5 Ng4 15.
Bxd6 Qxd6 16. Nd2 Nf6 17. Qc2 Rb8 18. b4 axb4 19. axb4 b6 20. Ra7 Bd7 21. b5
Rfe8 22. Ne4 Nxe4 23. Rxe4 Bf5 24. Re2 Qg6 25. Ra3 Rxe2 26. Qxe2 Qe6 27. Qxe6
fxe6 28. Kf1 Kh7 29. Ke2 e5 30. Ra7 Kg6 31. Rc7 Kf6 32. Rc6+ Ke7 33. Be4 Bxe4
34. dxe4 Rb7 35. f4 exf4 36. gxf4 Kf7 37. h4 Re7 38. e5 Re6 39. Kd3 Ke7 40.
Rc7+ Kf8 41. Ke4 Re7 42. Rc8+ Kf7 43. Rb8 Rd7 44. Rxb6 Ke7 45. Kd3 Rc7 46. f5
Ra7 47. Ra6 Rb7 48. Rc6 Ra7 49. Rxc5 Ra3+ 50. Kxd4 Ra1 51. Rc7+ Kf8 52. b6 g5
53. fxg6 h5 54. b7 Rd1+ 55. Kc5 Rb1 56. e6 Ke8 57. g7 Rb5+ 58. cxb5 Kd8 59.
Rd7+ 1-0

[Event "Frankfurt Ch 2013"]
[Site "Ffm-Kalbach, LAZ"]
[Date "2013.04.29"]
[Round "1.10"]
[White "Weber, Andreas"]
[Black "Kayser, Felix"]
[Result "0-1"]
[WhiteElo "1730"]
[BlackElo "2158"]
[PlyCount "78"]
[EventDate "2013.??.??"]
[WhiteTeam "SC Flörsheim 1921"]
[BlackTeam "Wiesbadener SV 1885"]

1. e4 c5 2. d4 cxd4 3. c3 g6 4. Qxd4 Nf6 5. e5 Nc6 6. Qf4 Nd5 7. Qe4 Nc7 8. Nf3
Bg7 9. Bd3 b6 10. O-O Bb7 11. Qe2 Ne6 12. Na3 O-O 13. Re1 Qb8 14. Bd2 Nc5 15.
Bf4 Qc8 16. Rad1 Ne6 17. Bc1 a6 18. h4 h5 19. Qc2 Qe8 20. Nc4 b5 21. Nb6 Rb8
22. Nxd7 Qxd7 23. Bxg6 Qe8 24. Bxh5 Rd8 25. Rxd8 Ncxd8 26. Bg4 Qc6 27. h5 Nd4
28. Qb1 Nxf3+ 29. Bxf3 Qe6 30. Bxb7 Nxb7 31. Qe4 Nc5 32. Qe3 Rc8 33. h6 Bf8 34.
Qg3+ Qg6 35. Qxg6+ fxg6 36. e6 Rc6 37. Re5 Nd3 38. Rg5 Nxc1 39. Rxg6+ Kh7 0-1

[Event "Frankfurt Ch 2013"]
[Site "Ffm-Kalbach, LAZ"]
[Date "2013.04.29"]
[Round "1.12"]
[White "Rauscher, Joachim"]
[Black "Chandler, Patrick"]
[Result "0-1"]
[WhiteElo "1720"]
[BlackElo "2145"]
[PlyCount "56"]
[EventDate "2013.??.??"]
[WhiteTeam "SC Brett vor'm Kopp Ffm"]
[BlackTeam "Sfr. Schöneck"]

1. e4 c5 2. Nf3 d6 3. d4 cxd4 4. Nxd4 Nf6 5. Nc3 e5 6. Nb3 Be6 7. Bg5 Nbd7 8.
Qd2 a6 9. f3 Be7 10. O-O-O h6 11. Be3 b5 12. Kb1 Nb6 13. Qf2 Rb8 14. Nc5 Bc8
15. g4 Qc7 16. Nb3 Be6 17. g5 hxg5 18. Bxg5 Bc4 19. Bxf6 Bxf6 20. Nd5 Bxd5 21.
exd5 Nc4 22. Qe1 Kf8 23. Qe4 Rh4 24. Qe1 Rf4 25. Bxc4 bxc4 26. Nc1 e4 27. c3
Qb7 28. Qd2 Rxf3 0-1

[Event "Frankfurt Ch 2013"]
[Site "Ffm-Kalbach, LAZ"]
[Date "2013.04.29"]
[Round "1.13"]
[White "Hristovski, Srdzan"]
[Black "Bittner, Peter"]
[Result "1-0"]
[WhiteElo "2136"]
[BlackElo "1714"]
[PlyCount "64"]
[EventDate "2013.??.??"]
[WhiteTeam "Kumanovo"]
[BlackTeam "SC 1961 König Nied"]

1. d4 Nf6 2. c4 g6 3. Nc3 Bg7 4. e4 d6 5. f3 Nbd7 6. Be3 O-O 7. Bd3 e5 8. Nge2
a6 9. Qd2 exd4 10. Bxd4 Ne5 11. O-O-O Nxd3+ 12. Qxd3 Bd7 13. Kb1 Qe7 14. Nf4
Bc6 15. g4 Rfb8 16. g5 Ne8 17. h4 Be5 18. Nfd5 Bxd5 19. Nxd5 Qe6 20. f4 Bxd4
21. Qxd4 b5 22. h5 c5 23. Qe3 Rb7 24. hxg6 fxg6 25. Qf3 Rab8 26. b3 b4 27. f5
gxf5 28. exf5 Qf7 29. g6 hxg6 30. Rdg1 Qf8 31. Qf4 Rg7 32. Qh6 Kf7 1-0

[Event "Frankfurt Ch 2013"]
[Site "Ffm-Kalbach, LAZ"]
[Date "2013.04.29"]
[Round "1.14"]
[White "Lemonidis, Christos"]
[Black "Kaliski, Erwin"]
[Result "0-1"]
[WhiteElo "1714"]
[BlackElo "2106"]
[PlyCount "92"]
[EventDate "2013.??.??"]
[WhiteTeam "SC 1961 König Nied"]
[BlackTeam "SC Bad Nauheim"]

1. e4 e6 2. d3 d5 3. Nd2 f5 4. Qe2 Be7 5. e5 Nh6 6. Nh3 O-O 7. Nf3 Nf7 8. Be3
c5 9. c3 Nc6 10. d4 b6 11. Nf4 Ng5 12. Nxg5 Bxg5 13. dxc5 bxc5 14. Nd3 Bxe3 15.
Qxe3 d4 16. cxd4 Nxd4 17. Rc1 Qb6 18. Rxc5 Qxc5 19. Nxc5 Nc2+ 20. Kd2 Nxe3 21.
Kxe3 Rb8 22. Bc4 Rxb2 23. Bb3 f4+ 24. Kf3 Rd2 25. Nxe6 Rd3+ 26. Ke4 Rxb3 27.
Nxf8 Rb4+ 28. Kd5 Kxf8 29. Rc1 Bf5 30. Rc5 Be4+ 31. Kd6 Rb6+ 32. Kc7 Bxg2 33.
Ra5 Rb7+ 34. Kc8 Ke7 35. Ra4 g5 36. h4 gxh4 37. Rxf4 h3 38. Rh4 Ke6 39. f4 Kf5
40. a3 Rg7 41. a4 a5 42. Kb8 Rb7+ 43. Kc8 Rb4 44. Kc7 Rxf4 45. Rxf4+ Kxf4 46.
e6 Be4 0-1

[Event "Frankfurt Ch 2013"]
[Site "Ffm-Kalbach, LAZ"]
[Date "2013.04.29"]
[Round "1.15"]
[White "Koch, Markus"]
[Black "Siegismund, Florian"]
[Result "1-0"]
[WhiteElo "2105"]
[BlackElo "1705"]
[PlyCount "41"]
[EventDate "2013.??.??"]
[WhiteTeam "SC Brett vor'm Kopp Ffm"]
[BlackTeam "SK Bad Schwalbach"]

1. d4 Nf6 2. c4 e6 3. Nc3 d5 4. cxd5 Nxd5 5. e4 Nxc3 6. bxc3 c5 7. Nf3 cxd4 8.
cxd4 Bb4+ 9. Bd2 Qa5 10. Bd3 O-O 11. O-O Bxd2 12. Nxd2 Nc6 13. Nc4 Qg5 14. f4
Qf6 15. e5 Qd8 16. Nd6 Qb6 17. Rc1 Nxd4 18. Rb1 Ne2+ 19. Kh1 Nc3 20. Bxh7+ Kh8
21. Qh5 1-0

[Event "Frankfurt Ch 2013"]
[Site "Ffm-Kalbach, LAZ"]
[Date "2013.04.29"]
[Round "1.16"]
[White "Plattner, Rolf"]
[Black "Penzel, Nils"]
[Result "1-0"]
[WhiteElo "1703"]
[BlackElo "2062"]
[PlyCount "41"]
[EventDate "2013.??.??"]
[WhiteTeam "SK Langen"]
[BlackTeam "SSG Rödermark/Eppertshausen"]

1. e4 e6 2. d4 d5 3. Nc3 Bb4 4. exd5 exd5 5. Bd3 Ne7 6. Nge2 Nbc6 7. Bd2 Bf5 8.
Be3 Qd7 9. O-O f6 10. Bxf5 Nxf5 11. Qd3 O-O-O 12. Rfd1 h5 13. a3 Bxc3 14. Nxc3
g5 15. Na4 Nh4 16. f3 Rdg8 17. Nc5 Qd6 18. Bf2 Ne7 19. Re1 c6 20. Bg3 Qd8 21.
Qe2 1-0

[Event "Frankfurt Ch 2013"]
[Site "Ffm-Kalbach, LAZ"]
[Date "2013.04.29"]
[Round "1.17"]
[White "Sachse, Günter"]
[Black "Bastian, Holger"]
[Result "1-0"]
[WhiteElo "2058"]
[BlackElo "1698"]
[PlyCount "117"]
[EventDate "2013.??.??"]
[WhiteTeam "SK Langen"]
[BlackTeam "Aschaffenburg- Schweinheim"]

1. e4 d6 2. d4 Nf6 3. Nc3 g6 4. f4 Bg7 5. Nf3 O-O 6. Bd3 Nc6 7. O-O Bg4 8. Be3
e5 9. d5 Nd4 10. Ne2 Nxf3+ 11. gxf3 Bh3 12. Rf2 Nh5 13. fxe5 Bxe5 14. f4 Bxb2
15. Rb1 Bf6 16. Ng3 Nxg3 17. hxg3 Bc8 18. g4 g5 19. Rh2 gxf4 20. Bxf4 Bg5 21.
Qf3 Qf6 22. Rf1 Qxf4 23. Qxf4 Bxf4 24. Rxf4 Kg7 25. Kg2 Bd7 26. Kg3 Rae8 27. g5
Re5 28. Rfh4 Rh8 29. Kf4 Bc8 30. Rh6 Bd7 31. Be2 b6 32. Bh5 Rhe8 33. Bf3 Rh8
34. Rf6 Rhe8 35. Rh4 Bc8 36. Rfh6 Rh8 37. R6h5 Bd7 38. Kg3 Kg6 39. Rf4 Rf8 40.
Kh4 Bc8 41. Rh6+ Kg7 42. Rhf6 Bd7 43. Bh5 Re7 44. Kg3 Bc8 45. Kf3 Bd7 46. Ke3
Bc8 47. g6 hxg6 48. Bxg6 Bd7 49. Bh5 Bc8 50. Rf2 Bd7 51. R6f4 f5 52. Rg2+ Kf6
53. Rg6+ Ke5 54. Rg5 Kf6 55. Rg6+ Ke5 56. Bf3 Rf6 57. exf5 Bxf5 58. Rg5 Rff7
59. Be4 {ZÜ} 1-0

[Event "Frankfurt Ch 2013"]
[Site "Ffm-Kalbach, LAZ"]
[Date "2013.04.29"]
[Round "1.18"]
[White "Liebske, Reiner"]
[Black "Maier, Martin"]
[Result "1/2-1/2"]
[WhiteElo "1671"]
[BlackElo "2046"]
[PlyCount "47"]
[EventDate "2013.??.??"]
[WhiteTeam "SV Frankfurt Nord 1926"]
[BlackTeam "SK Salzgitter-Bad"]

1. e4 e5 2. Nf3 Nc6 3. Bb5 a6 4. Ba4 Nf6 5. O-O b5 6. Bb3 Bc5 7. c3 d6 8. d4
Bb6 9. dxe5 dxe5 10. Qxd8+ Nxd8 11. Nxe5 Nxe4 12. Bd5 Bb7 13. Bxe4 Bxe4 14. Re1
Bxb1 15. Ng6+ Ne6 16. Nxh8 Bd3 17. Be3 Ke7 18. Rad1 Bf5 19. Bxb6 cxb6 20. Rd5
Bc2 21. Rd2 Bf5 22. Rd5 Bc2 23. Rd2 Bf5 24. Rd5 1/2-1/2

[Event "Frankfurt Ch 2013"]
[Site "Ffm-Kalbach, LAZ"]
[Date "2013.04.29"]
[Round "1.19"]
[White "Marzahn, Heiko"]
[Black "Paulsen, Alexej"]
[Result "1-0"]
[WhiteElo "2037"]
[BlackElo "1665"]
[PlyCount "63"]
[EventDate "2013.??.??"]
[WhiteTeam "Sfr.Erbach"]
[BlackTeam "TuS Makkabi Ffm"]

1. e4 Nf6 2. Nc3 d5 3. e5 Ne4 4. Nce2 d4 5. d3 Nc5 6. f4 Nc6 7. Bd2 a5 8. a3 a4
9. Ng3 e6 10. Nf3 Be7 11. Ne4 b6 12. Be2 Bb7 13. O-O Na5 14. Neg5 h6 15. Nh3
Nc6 16. Qe1 b5 17. Qg3 g6 18. Nf2 Na6 19. f5 exf5 20. e6 Bd6 21. exf7+ Kxf7 22.
Qh3 Kg7 23. g4 Bc8 24. Nh4 Be7 25. Nxg6 Kxg6 26. gxf5+ Kg7 27. Qg2+ Kf8 28.
Qxc6 Bg5 29. Qxa8 Bxd2 30. Ne4 Be3+ 31. Kh1 Qd7 32. Nf6 1-0

[Event "Frankfurt Ch 2013"]
[Site "Ffm-Kalbach, LAZ"]
[Date "2013.04.29"]
[Round "1.20"]
[White "Brauer, Frank"]
[Black "Sandten, Ulrich"]
[Result "1/2-1/2"]
[WhiteElo "1657"]
[BlackElo "2024"]
[PlyCount "31"]
[EventDate "2013.??.??"]
[WhiteTeam "TuS Makkabi Ffm"]
[BlackTeam "SF Vonkeln 1931"]

1. e4 c6 2. d4 d5 3. exd5 cxd5 4. c4 Nf6 5. Nc3 g6 6. Nf3 Bg7 7. Bf4 O-O 8. c5
Nc6 9. Be2 Ne4 10. O-O Bg4 11. h3 Bf5 12. Qa4 a6 13. Rad1 Qd7 14. Qb3 Rad8 15.
Na4 Na5 16. Qb4 1/2-1/2

[Event "Frankfurt Ch 2013"]
[Site "Ffm-Kalbach, LAZ"]
[Date "2013.04.29"]
[Round "1.21"]
[White "Duchrow, Oliver"]
[Black "Imelmann, Esther"]
[Result "1/2-1/2"]
[WhiteElo "2023"]
[BlackElo "1640"]
[PlyCount "52"]
[EventDate "2013.??.??"]
[WhiteTeam "SV Sangerhausen"]
[BlackTeam "SC 1961 König Nied"]

1. e4 e6 2. d4 d5 3. Nc3 Bb4 4. e5 Qd7 5. a3 Bxc3+ 6. bxc3 b6 7. Nf3 Ba6 8.
Bxa6 Nxa6 9. a4 c5 10. O-O Ne7 11. Ba3 O-O 12. Ng5 h6 13. Qd3 hxg5 14. Qxa6
cxd4 15. cxd4 Rfc8 16. a5 Nf5 17. Qd3 Rc4 18. c3 Rac8 19. Bb2 b5 20. Qd2 b4 21.
Rfc1 bxc3 22. Rxc3 Rxc3 23. Bxc3 Qb5 24. h3 Qb3 25. Rc1 Qa3 26. Kh2 Qb3 1/2-1/2

[Event "Frankfurt Ch 2013"]
[Site "Ffm-Kalbach, LAZ"]
[Date "2013.04.29"]
[Round "1.22"]
[White "Mühlbach, Christian"]
[Black "Ortinau, Peter"]
[Result "1/2-1/2"]
[WhiteElo "1634"]
[BlackElo "2022"]
[PlyCount "37"]
[EventDate "2013.??.??"]
[WhiteTeam "SK Langen"]
[BlackTeam "SC Pirmasens 1912"]

1. e4 e5 2. Nf3 Nc6 3. Bb5 a6 4. Ba4 Nf6 5. O-O Be7 6. c3 Nxe4 7. Re1 Nc5 8.
Bxc6 dxc6 9. Nxe5 O-O 10. d4 Nd7 11. Nd2 c5 12. Ne4 cxd4 13. Qxd4 Nxe5 14. Qxe5
Be6 15. Bf4 c6 16. Nc5 Bxc5 17. Qxc5 Qd5 18. Qb6 Qb5 19. Qxb5 1/2-1/2

[Event "Frankfurt Ch 2013"]
[Site "Ffm-Kalbach, LAZ"]
[Date "2013.04.29"]
[Round "1.23"]
[White "Biegel, Thomas"]
[Black "Balzereit, Georg"]
[Result "1-0"]
[WhiteElo "2018"]
[BlackElo "1634"]
[PlyCount "91"]
[EventDate "2013.??.??"]
[WhiteTeam "SC Steinbach"]
[BlackTeam "vereinslos"]

1. d4 Nf6 2. c4 g6 3. g3 d5 4. Bg2 Bg7 5. Nf3 O-O 6. O-O Bf5 7. Nc3 c6 8. Ne5
Qc8 9. cxd5 Bh3 10. dxc6 Bxg2 11. Kxg2 Nxc6 12. Nxc6 Qxc6+ 13. d5 Qc4 14. Qb3
Qa6 15. e4 Rac8 16. Be3 Ng4 17. Bf4 Ne5 18. Bxe5 Bxe5 19. Rac1 b6 20. Nb5 Qb7
21. a4 a6 22. Na3 Rc7 23. Rc4 Rfc8 24. Rfc1 Rxc4 25. Rxc4 Rxc4 26. Nxc4 Bd4 27.
Na5 Qc7 28. Nc6 Bc5 29. Qf3 a5 30. Qd3 Kf8 31. Qc3 Kg8 32. b4 axb4 33. Nxb4 Qa7
34. Qb3 Qa5 35. Nd3 Bd4 36. Qb4 Qxb4 37. Nxb4 Bc5 38. Nd3 Bd4 39. Kf3 f6 40.
Nc1 Kf7 41. Nb3 Bb2 42. Ke3 Ke8 43. Kd3 Kd7 44. Kc4 Kc7 45. Nd4 Ba3 46. Nb5+
1-0

[Event "Frankfurt Ch 2013"]
[Site "Ffm-Kalbach, LAZ"]
[Date "2013.04.29"]
[Round "1.24"]
[White "Annen, Oliver"]
[Black "Calvi, Stefan"]
[Result "0-1"]
[WhiteElo "1632"]
[BlackElo "2014"]
[PlyCount "78"]
[EventDate "2013.??.??"]
[WhiteTeam "SK Bad Homburg 1927"]
[BlackTeam "Sfr. Frankfurt 1921"]

1. d4 Nf6 2. c4 g6 3. Nc3 Bg7 4. e4 d6 5. f3 O-O 6. Be3 c5 7. d5 Na6 8. a3 e5
9. Bd3 Nh5 10. Nge2 f5 11. exf5 gxf5 12. O-O Bd7 13. Qd2 Kh8 14. Kh1 Qe7 15.
Bf2 Rg8 16. Rg1 Raf8 17. Raf1 Bf6 18. g3 Bg5 19. f4 Bh6 20. Be3 e4 21. Bc2 Nf6
22. Bd1 Ng4 23. Nc1 Nxe3 24. Qxe3 Bg7 25. N1e2 Be8 26. h3 Nc7 27. b3 b5 28. Nb1
Bf6 29. Kh2 Bh5 30. Re1 bxc4 31. bxc4 Rb8 32. Bc2 Rb2 33. Rc1 Bf3 34. Nd2 Bh5
35. g4 fxg4 36. hxg4 Bxg4 37. Bxe4 Bd4 38. Nxd4 Qh4+ 39. Kg2 Be2+ 0-1

[Event "Frankfurt Ch 2013"]
[Site "Ffm-Kalbach, LAZ"]
[Date "2013.04.29"]
[Round "1.25"]
[White "Holzschuh, Gerald"]
[Black "Riha, Peter"]
[Result "1-0"]
[WhiteElo "2008"]
[BlackElo "1604"]
[PlyCount "65"]
[EventDate "2013.??.??"]
[WhiteTeam "SC Bad Nauheim"]
[BlackTeam "SC Bergen-Enkheim 1922"]

1. e4 e5 2. Nf3 Nc6 3. Bc4 Nf6 4. Ng5 d5 5. exd5 Na5 6. Bb5+ c6 7. dxc6 bxc6 8.
Be2 h6 9. Nf3 e4 10. Ne5 Qc7 11. f4 Bc5 12. c3 Nb7 13. d4 exd3 14. Qxd3 O-O 15.
Qf3 Nd6 16. Nd2 Re8 17. Nb3 Bb6 18. Bd2 Nfe4 19. Be3 Bxe3 20. Qxe3 f6 21. Nf3
Ng3 22. Qxe8+ Nxe8 23. hxg3 Qe7 24. O-O-O Bf5 25. Bc4+ Kh7 26. Rhe1 Qc7 27.
Nfd4 Bg4 28. Nc5 Bxd1 29. Nde6 Qb6 30. Nd7 Qf2 31. Nef8+ Kh8 32. Ng6+ Kh7 33.
Ndf8# 1-0

[Event "Frankfurt Ch 2013"]
[Site "Ffm-Kalbach, LAZ"]
[Date "2013.04.29"]
[Round "1.26"]
[White "Fischer, Lutz"]
[Black "Kuban, Günther"]
[Result "0-1"]
[WhiteElo "1603"]
[BlackElo "2003"]
[PlyCount "64"]
[EventDate "2013.??.??"]
[WhiteTeam "Sfr. Frankfurt 1921"]
[BlackTeam "SV Oberursel"]

1. e4 e5 2. Nf3 Nf6 3. Nxe5 d6 4. Nf3 Nxe4 5. Bc4 d5 6. Bb3 c6 7. O-O Be7 8. d4
O-O 9. Re1 Nd7 10. c4 Ndf6 11. c5 Ng4 12. Be3 Bh4 13. g3 Nxe3 14. Rxe3 Bg5 15.
Nxg5 Nxg5 16. Qe2 Qf6 17. f4 Nh3+ 18. Kg2 Qxd4 19. Nc3 h5 20. Rd1 Qxc5 21. Re5
Bg4 22. Qe1 Rfd8 23. Rd3 Qf8 24. Re7 Rd7 25. Rde3 Rxe7 26. Rxe7 Rd8 27. a4 a5
28. Na2 g5 29. fxg5 Nxg5 30. Bc2 Bf3+ 31. Kf2 Be4 32. Bxe4 Nxe4+ 0-1

[Event "Frankfurt Ch 2013"]
[Site "Ffm-Kalbach, LAZ"]
[Date "2013.04.29"]
[Round "1.27"]
[White "Benninger, Rudolf"]
[Black "Muthig, Holger"]
[Result "1-0"]
[WhiteElo "1991"]
[BlackElo "1603"]
[PlyCount "35"]
[EventDate "2013.??.??"]
[WhiteTeam "SC Heusenstamm"]
[BlackTeam "Sfr. Frankfurt 1921"]

1. e4 c6 2. c4 d5 3. exd5 cxd5 4. cxd5 Qxd5 5. Nc3 Qa5 6. d4 e6 7. Nf3 Bb4 8.
Bd2 Nf6 9. Bd3 Nc6 10. a3 Bxc3 11. bxc3 Qc7 12. O-O O-O 13. Re1 Na5 14. Ne5 b6
15. Bg5 Qe7 16. Ng4 Bb7 17. Nxf6+ gxf6 18. Qh5 1-0

[Event "Frankfurt Ch 2013"]
[Site "Ffm-Kalbach, LAZ"]
[Date "2013.04.29"]
[Round "1.28"]
[White "Steiz, Johann"]
[Black "Mager, Denis"]
[Result "0-1"]
[WhiteElo "1603"]
[BlackElo "1991"]
[PlyCount "50"]
[EventDate "2013.??.??"]
[WhiteTeam "ESV Grossenbaum 1973"]
[BlackTeam "TuS Makkabi Ffm"]

1. e4 c5 2. Nf3 Nc6 3. d4 cxd4 4. Nxd4 e5 5. Nb5 a6 6. Nd6+ Bxd6 7. Qxd6 Qe7 8.
Qd1 d6 9. Nc3 Be6 10. Be3 Nf6 11. f3 Qc7 12. Qd2 Ne7 13. O-O-O d5 14. exd5
Nexd5 15. Nxd5 Nxd5 16. Kb1 Rc8 17. Rc1 O-O 18. Bd3 b5 19. Rhd1 b4 20. c4 bxc3
21. bxc3 Nxe3 22. Qxe3 Bxa2+ 23. Ka1 Qa5 24. Rd2 Bc4+ 25. Kb1 Rb8+ 0-1